000
00249nam a2200097Ia 4500
082
_a
306.9 HUMP
245
0
_a
The welcome visitor
100
_a
Humphrys, John London, 2009
_9
76215
942
_c
BK
008
210817s9999 xx 000 0 und d
999
_c
253032
_d
253031